000 01740nam a2200241Ia 4500
003 CO-CtgCURN
005 20250411145752.0
008 190724s9999 xx 000 0 und d
020 _a9789586539708
040 _aCO-CtgCURN
_bspa
_ccoctgcurn
082 _a382.3
_bG993r
100 _aGuzmán Manrique, Gustavo
_96958
_eautor
245 0 _aLas reglas de origen del comercio internacional /
_cGustavo Guzmán Manrique
260 _aBogotá, Colombia :
_bLegis,
_c2012
300 _a259 páginas ;
_c23 centímetros.
505 _aCap.1. Una aproximación conceptual -- Cap.2. Criterios para la calificación de origen -- Cap.3. El principio de acumulación -- Cap.4. Origen sectorial -- Cap.5. Traductor del lenguaje de nueva generación -- Cap.6. Certificación, control y verificación de origen -- Cap.7. Casos para el análisis.
520 _aLas reglas de origen constituyen una de las disciplinas asociadas al comercio internacional contemporáneo. Calificar origen es la condición necesaria para el acceso preferencial de bienes a los mercados y su exigencia se viene extendiendo progresivamente a todo el comercio. Las cláusulas de origen que se pactan en los acuerdos comerciales, cobran creciente importancia a la luz de los desarrollos de nuevos materiales y de la evolución de los procesos de fabricación. También tienen vínculos con prácticas modernas de producción, así como con el suministro de materiales y la provisión de servicios desde cualquier lugar del mundo.
521 _aAREA SOCIOHUMANISTICA
590 _aPrograma de Derecho_18
650 _aCertificados de Origen
_96959
942 _cBK
_h382.3
_iG993r
_2ddc
_n0
999 _c30009
_d30009